China's Struggle with the dictators (Record no. 411447)

000 -LEADER
fixed length control field 00487cam a22001577a 4500
008 - FIXED-LENGTH DATA ELEMENTS--GENERAL INFORMATION
fixed length control field 180718b xxu||||| |||| 00| 0 eng d
082 ## - DEWEY DECIMAL CLASSIFICATION NUMBER
Classification number A6x51 G824
100 ## - MAIN ENTRY--PERSONAL NAME
Personal name Green, O. M.
245 ## - TITLE STATEMENT
Title China's Struggle with the dictators
Statement of responsibility, etc. by O. M. Green
260 ## - PUBLICATION, DISTRIBUTION, ETC.
Place of publication, distribution, etc. London
Name of publisher, distributor, etc. Hutchinson
Date of publication, distribution, etc.
300 ## - PHYSICAL DESCRIPTION
Extent 283p.
650 ## - SUBJECT ADDED ENTRY--TOPICAL TERM
Topical term or geographic name entry element China --History --1937-1945.
650 ## - SUBJECT ADDED ENTRY--TOPICAL TERM
Topical term or geographic name entry element China --History --Republic, 1912-1949
650 ## - SUBJECT ADDED ENTRY--TOPICAL TERM
Topical term or geographic name entry element Japan --Foreign relations --China
650 ## - SUBJECT ADDED ENTRY--TOPICAL TERM
Topical term or geographic name entry element China --Foreign relations --Japan
Holdings
Withdrawn status Lost status Damaged status Not for loan Permanent Location Current Location Date acquired Full call number Barcode Date last seen Price effective from Koha item type
        Indian Institute of Public Administration Indian Institute of Public Administration 2009-01-29 A6x51 G824 15641 2018-07-21 2018-07-21 Book

Powered by Koha